| 000 | 01307nam a2200253Ia 4500 | ||
|---|---|---|---|
| 999 |
_c34660 _d34660 |
||
| 001 | 437 | ||
| 003 | GE_BSU | ||
| 005 | 20200131093200.0 | ||
| 008 | 181216s2005||||ge |||||||||||||| ||geo|| | ||
| 020 | _a9992804513 | ||
| 040 | _cGE_BSU | ||
| 080 | _a339.1(075.8) გ–85 | ||
| 100 |
_aგრიშიკაშვილი, ამბროსი _9774 |
||
| 245 |
_aგარდამავალი ეკონომიკის ქვეყნები და ევროპული ინტეგრაცია : _bდამხმ. სახელმძღვ. / _cამბროსი გრიშიკაშვილი; რედ.: თეიმურაზ ბერიძე. |
||
| 264 |
_aთბილისი : _c2005. |
||
| 300 |
_a518 გვ.; _bცხრ. ; _c20სმ. |
||
| 504 | _a ბიბლიოგრ. ტექსტ. შენიშვნ. | ||
| 520 | _aრეზ. ინგლ. ენ.. | ||
| 653 | _aგანვითარებადი ქვეყნების ეკონომიკა | ||
| 653 | _aგარდამავალი ეკონომიკა | ||
| 653 | _a ეკონომიკური ინტეგრაცია | ||
| 700 |
_aბერიძე, თეიმურაზ _eრედაქტორი _95931 |
||
| 942 |
_cBK _2udc |
||